Top Five Countries By Ethnic Group - Statistics

General Stats
  • This quiz has been taken 2,883 times
  • The average score is 28 of 38
Answer Stats
Country % Correct
United States
99%
Israel
98%
United Kingdom
98%
Italy
97%
Russia
97%
India
96%
Indonesia
94%
France
92%
Pakistan
92%
Romania
92%
South Africa
92%
Ukraine
92%
Australia
91%
Germany
89%
Malaysia
87%
Canada
86%
Canada
86%
New Zealand
83%
Poland
82%
Sweden
81%
Finland
80%
Norway
80%
Spain
76%
Brazil
70%
Namibia
70%
Singapore
69%
Argentina
67%
Nigeria
65%
Botswana
64%
Turkey
56%
Zambia
50%
Cameroon
47%
Mali
46%
Samoa
44%
Senegal
37%
Guinea
31%
Saudi Arabia
26%
Suriname
9%
No matching quizzes found
Score Distribution
Percent of People with Each Score
Percentile by Number Answered
Your Score History
You have not taken this quiz